000 00709cam a22002532 4500
001 15511
003 BD-RjUL
005 20211208235830.0
008 140210s1963 ohua b 000 0 eng
035 _a(BD-RjUL)15565
040 _aDLC
_cWSU
_dOCL
_dWEA
_dBD-RjUL
_beng
041 _aeng
082 _a658.801
_bSCD 1963
100 1 _aSchwartz, George.
_948165
245 1 0 _aDevelopment of marketing theory /
_cGeorge Schwartz.
260 _aCincinnati :
_bSouth-western Pub. Co.,
_c1963
300 _a152 p. :
_billus. ;
_c25 cm.
490 0 _aEditor's series
504 _aIncludes bibliography.
650 0 _aMarketing.
_948166
942 _2ddc
_cBK
999 _c15511
_d15511